000 00414nam a2200157Ia 4500
008 160316s1999 xxu||||| |||| 00| 0 eng d
082 _a344.046750
_bWOR
100 _a
245 _aWTO controversy over forest tariffs and other concerns
250 _a
260 _a
_bWorldwide Forest/Biodiversity Campaign News
_c1999
300 _a5
_b
_c
365 _b
650 _a1. WTO - forest tariffs
700 _a
_a
999 _c39579
_d39579